Dirigir, orientar y consolidar tres iniciativas comunitarias locales en los municipio de Güican, El Espino y Chiscas, específicamente para realizar actividades de viverismo, restauración ecológica y ecoturismo (Registro nro. 6543)

Detalles MARC
000 -CABECERA
Campo de control 01797nam a2200253 a 4500
005 - FECHA Y HORA DE LA ULTIMA TRANSACCION
Campo de control 20180803165401.0
008 - ELEMENTOS DE LONGITUD FIJA—INFORMACION GENERAL
Campo de control 140128b2007 ck ||||| |||| 00| 0 spa d
041 ## - IDIOMA
Código de idioma para texto/pista de sonido o título separado Español
044 ## - PAÍS DE PUBLICACIÓN
País de publicación Colombia
090 ## - CLASIFICACIÓN LOCAL
Colección IAVH
Consecutivo 00926
245 ## - MENCION DE TITULO
Título Dirigir, orientar y consolidar tres iniciativas comunitarias locales en los municipio de Güican, El Espino y Chiscas, específicamente para realizar actividades de viverismo, restauración ecológica y ecoturismo
260 ## - PUBLICACION, DISTRIBUCION, ETC. (PIE DE IMPRENTA)
Lugar de publicación, distribución, etc. Bogotá
Nombre del editor, distribuidor, etc. Instituto Alexander von Humboldt
-- CORPOBOYACA
Fecha de publicación, distribución, etc. 2007
300 ## - DESCRIPCION FISICA
Extensión 44 p.
520 ## - NOTA DE RESUMEN, ETC.
Nota de resumen Este Convenio tuvo por objeto dirigir, orientar y consolidar tres iniciativas comunitarias locales de los municipios de Güicán, El Espino y Chiscas, específicamente en la realización de actividades de viverismo, restauración ecológica y ecoturismo.Contiene un resumen general de las actividades comenzando con la organización y consolidación de tres grupos de trabajo comunitario enfocado al tema de viverismo y restauración ecológica (veredas de la Cueva, municipio de Güicán; Duartes, municipio de Chiscas y Chuscal, municipio de El Espino). Luego hace un recuento sobre el funcionamiento y adecuación de los viveros enfocados a especies nativas para realizar restauración; la adecuación del sendero ecoturístico y la siembra de material vegetal en lugares priorizados. Finaliza con un resumen de las metas y logros alcanzados y la proyección del plan y las recomendaciones para su continuidad y seguimiento
650 ## - ASIENTO SECUNDARIO DE MATERIA - TERMINO TEMATICO
Término temático o nombre geográfico como elemento de entrada Iniciativas locales
650 ## - ASIENTO SECUNDARIO DE MATERIA - TERMINO TEMATICO
Término temático o nombre geográfico como elemento de entrada Viverismo
650 ## - ASIENTO SECUNDARIO DE MATERIA - TERMINO TEMATICO
Término temático o nombre geográfico como elemento de entrada Restauración ecológica
650 ## - ASIENTO SECUNDARIO DE MATERIA - TERMINO TEMATICO
Término temático o nombre geográfico como elemento de entrada Ecoturismo
650 ## - ASIENTO SECUNDARIO DE MATERIA - TERMINO TEMATICO
Término temático o nombre geográfico como elemento de entrada Viveros
650 ## - ASIENTO SECUNDARIO DE MATERIA - TERMINO TEMATICO
Término temático o nombre geográfico como elemento de entrada Especies nativas
650 ## - ASIENTO SECUNDARIO DE MATERIA - TERMINO TEMATICO
Término temático o nombre geográfico como elemento de entrada Material vegetal
942 ## - ELEMENTOS ADICIONALES (KOHA)
Tipo de ítem CD-ROM
Sistema de clasificación Local
Koha issues (borrowed), all copies 1
945 ## - PROCESAMIENTO LOCAL
AAAA-MM-DD - Fecha de ingreso o modificacion 2008-09-08
Existencias
Withdrawn status Lost status Sistema de Clasificación Damaged status No para préstamo Colección Inventariado Ubicación Permanente Ubicación actual Fecha de adquisición Total Checkouts Número topográfico Inventario / Código de Barras Date last seen Date checked out Ejemplar Price effective from Forma de adquisición Tipo de material
    Local     Humboldt Inventariado 2017 Bogotá Bogotá 08/09/2008 2 IAVH-00926 026361 09/08/2024 06/05/2014 Ej. 1 04/12/2012 Institucional Informe Técnico